Tomb Raider Artifacts Trivia - Statistics

General Stats
  • This quiz has been taken 44 times
    42 since last reset
  • The average score is 5 of 19
Answer Stats
Game Answer % Correct
Tomb Raider 1 The Scion
88%
Tomb Raider 2 Dagger of Xian
76%
Tomb Raider 3 Infada Stone
45%
Tomb Raider: Legend Excalibur
42%
Tomb Raider 3 Element 115
36%
Tomb Raider: Underworld Mjolnir
30%
Tomb Raider: Chronicles The Iris
27%
Tomb Raider 3 Ora Dagger
24%
Tomb Raider 3 Eye of Isis
21%
Tomb Raider 4 Amulet of Horus
15%
Tomb Raider 3 - The Lost Artifact Hand of Rathmore
15%
Tomb Raider: Chronicles Philosopher's Stone
15%
Tomb Raider: Chronicles Spear of Destiny
15%
Tomb Raider: Angel of Darkness Obscura Paintings
9%
Rise of the Tomb Raider The Divine Source
6%
Shadow of the Tomb Raider Silver Box of Ix Chel
3%
Shadow of the Tomb Raider Key of Chak Chel
0%
Tomb Raider 2: The Golden Mask Mask of Tornasurk
0%
Tomb Raider 2013 Queen Himiko
0%
No matching quizzes found
Score Distribution
Percent of People with Each Score
Percentile by Number Answered
Your Score History
You have not taken this quiz since the last reset